| 000 | 01358nam a22003017a 4500 | ||
|---|---|---|---|
| 003 | dpl | ||
| 005 | 20170204154235.0 | ||
| 008 | 170204b xxu||||| |||| 00| 0 eng d | ||
| 010 | _aB-017260, B-027523 | ||
| 020 |
_c150.00 _a8170562228 |
||
| 035 | _aB-017260, B-027523 | ||
| 037 | _bCen Lib/Ret | ||
| 040 |
_aDPL _bHN _cDPL |
||
| 082 |
_a921 _bहरदा |
||
| 100 |
_aहरदान हर्ष _979406 |
||
| 245 |
_aडॉ.भीमराव अम्बेडकर : _cहरदान हर्ष _bजीवन और दर्शन / |
||
| 246 |
_aBheemrav Ambedkar : jeevan aur darshan / _bby Hardan Harsh |
||
| 250 | _aद्वितीय संस्करण | ||
| 260 |
_aजयपुर _bपंचशील प्रकाशन _c2000 |
||
| 270 |
_bजयपुर _aफिल्म कालोनी, चौड़ा रास्ता _e302 003 |
||
| 300 |
_avii,128पृ. _c20सेमी(सजिल्द) |
||
| 500 | _aअनुक्रमाणिका शामिल | ||
| 650 |
_aहिन्दी साहित्य _979407 |
||
| 650 |
_aहिन्दी -- जीवनी - डॉ.भीमराव अम्बेडकर _979408 |
||
| 650 |
_aHindi literature _979409 |
||
| 650 |
_aHindi - Biography - Bheemrao Ambedkar _976176 |
||
| 942 |
_2ddc _cHN _h921 _mहरदा |
||
| 999 |
_c117670 _d117670 |
||